La palabra que nace del silencio : aspectos psicoespirituales de la comunicación en la vida fraterna /
Saved in:
| Hovedforfatter: | |
|---|---|
| Format: | Electronisk eBog |
| Sprog: | spansk |
| Udgivet: |
Estella (Navarra), España :
EVD, Editorial Verbo Divino,
2003.
|
| Serier: | Surcos (Estella, Spain)
|
| Fag: | |
| Online adgang: | Digitalia Hispánica |
| Tags: |
Tilføj Tag
Ingen Tags, Vær først til at tagge denne postø!
|
MARC
| LEADER | 00000nam a2200000Ii 4500 | ||
|---|---|---|---|
| 001 | DIGVEDIV0319 | ||
| 003 | NyNyDIG | ||
| 007 | cr ||||||||||| | ||
| 008 | 220323s2003 sp ob 000 0 spa d | ||
| 006 | m o d | ||
| 035 | |a (OCoLC)1319853917 | ||
| 040 | |a DGITA |b eng |e rda |e pn |c DGITA | ||
| 020 | |a 9788499456720 |q eBook |q pdf | ||
| 020 | |z 9788481696059 | ||
| 050 | 1 | 4 | |a BV4517.5 ebook |
| 100 | 1 | |a Isingrini, Virginia, |e author. | |
| 245 | 1 | 3 | |a La palabra que nace del silencio : |b aspectos psicoespirituales de la comunicación en la vida fraterna / |c Virginia Isingrini. |
| 264 | 1 | |a Estella (Navarra), España : |b EVD, Editorial Verbo Divino, |c 2003. | |
| 300 | |a 1 online resource. | ||
| 336 | |a text |b txt |2 rdacontent | ||
| 337 | |a computer |b c |2 rdamedia | ||
| 338 | |a online resource |b cr |2 rdacarrier | ||
| 347 | |a text file |2 rdaft | ||
| 347 | |b PDF | ||
| 504 | |a Includes bibliographical references. | ||
| 588 | 0 | |a Online resource; title from PDF title page (Digitalia, viewed March 23, 2022) | |
| 650 | 0 | |a Community life |x Religious aspects. | |
| 650 | 0 | |a Communication |x Religious aspects |x Christianity. | |
| 650 | 0 | |a Vocation (in religious orders, congregations, etc.) | |
| 655 | 0 | |a Electronic books. | |
| 791 | 2 | |a Digitalia (Firm), |e distributor. | |
| 793 | 0 | |g Digitalia eBook Collection: |a Editorial Verbo Divino | |
| 776 | 0 | 8 | |i Print version: |a Isingrini, Virginia. |t Palabra que nace del silencio. |d Estella (Navarra), España : EVD, Editorial Verbo Divino, 2003 |z 9788481696059 |
| 830 | 0 | |a Surcos (Estella, Spain) | |
| 856 | 4 | 0 | |3 Digitalia Hispánica |u https://digitalia.unach.elogim.com/a/51040/ |
| 910 | |a Premium collection: 2022 | ||